00514 2200181 4500001002100000005001700021008004100038035002400079082001000103090001700113100003000130245007600160260003600236300002600272650001200298852001200310990001000322YOGYA-0612000000056420120607210351.0 ind  0010-061200000000562 a793.8 a793.8bRen B aRENSSELAER, Alexander Van aBermain Sunglapcoleh Alexander Van Rensselaer; penerjemah R.M. Wiemar. aDjakartabBalai Pustakac[s.a]. a70 hlm.bilusc22 cm. aSulapon aYOPDYOG a741-a